[Event "GEO-ch Blitz (Women)"]
[Site "Tbilisi"]
[Date "2023.12.07"]
[Round "13"]
[White "Shubitidze, Barbare"]
[Black "Sichinava, Mariam"]
[Result "1/2-1/2"]
[WhiteElo "1247"]
[BlackElo "1677"]
[PlyCount "39"]
[EventDate "2023.12.05"]
[EventType "swiss (blitz)"]
[EventRounds "13"]
[EventCountry "GEO"]
[SourceTitle "CB50_2023"]
[SourceDate "2023.12.13"]
[SourceVersion "1"]
[SourceVersionDate "2023.12.13"]
[SourceQuality "1"]

1. d4 Nf6 2. e3 e6 3. Bd3 d5 4. f4 c5 5. c3 Be7 6. Nf3 b6 7. Ne5 Qc7 8. 0-0 0-0 9. Nd2 cxd4 10. exd4 Nc6 11. Rf3 Bb7 12. Rh3 Rfe8 13. Bxh7+ Nxh7 14. Qh5 Bf6 15. Qxh7+ Kf8 16. Qh8+ Ke7 17. Qh5 Kf8 18. Qh8+ Ke7 19. Qh5 Kf8 20. Qh8+ 1/2-1/2

[Event "GEO-ch Blitz (Women)"]
[Site "Tbilisi"]
[Date "2023.12.06"]
[Round "1"]
[White "Shubitidze, Barbare"]
[Black "Tevzadze, Mariam"]
[Result "0-1"]
[WhiteElo "1247"]
[BlackElo "1810"]
[PlyCount "66"]
[EventDate "2023.12.05"]
[EventType "swiss (blitz)"]
[EventRounds "13"]
[EventCountry "GEO"]
[SourceTitle "CB50_2023"]
[SourceDate "2023.12.13"]
[SourceVersion "1"]
[SourceVersionDate "2023.12.13"]
[SourceQuality "1"]

1. e4 d6 2. d4 Nf6 3. Nc3 Nbd7 4. Nf3 e5 5. dxe5 dxe5 6. Bg5 Bb4 7. Bd3 c6 8. 0-0 0-0 9. a3 Ba5 10. b4 Bb6 11. Na4 Bc7 12. c4 Qe7 13. Nc3 Rd8 14. Qe2 Nf8 15. Rad1 Ng6 16. g3 Bh3 17. Rfe1 h6 18. Be3 Bg4 19. Bc5 Qe6 20. Kg2 Nh5 21. Be3 Nf6 22. Qc2 a5 23. b5 Qe7 24. a4 Bd6 25. Be2 Bb4 26. Bd2 Qe6 27. Na2 Bc5 28. Qc3 Rd7 29. Qc2 Bh3+ 30. Kg1 Ng4 31. Be3 Nxe3 32. fxe3 Bxe3+ 33. Kh1 Bf2 0-1

[Event "GEO-ch Blitz (Women)"]
[Site "Tbilisi"]
[Date "2023.12.06"]
[Round "7"]
[White "Tqeshelashvili, Sopio"]
[Black "Shubitidze, Barbare"]
[Result "1-0"]
[WhiteElo "2207"]
[BlackElo "1247"]
[PlyCount "51"]
[EventDate "2023.12.05"]
[EventType "swiss (blitz)"]
[EventRounds "13"]
[EventCountry "GEO"]
[SourceTitle "CB50_2023"]
[SourceDate "2023.12.13"]
[SourceVersion "1"]
[SourceVersionDate "2023.12.13"]
[SourceQuality "1"]

1. e4 c6 2. d4 d5 3. e5 Bf5 4. c4 e6 5. Nc3 Bb4 6. Qb3 Qa5 7. Bd2 Ne7 8. a3 Bxc3 9. Bxc3 Qb6 10. Qd1 0-0 11. c5 Qc7 12. Be2 b6 13. b4 a5 14. Nf3 Nd7 15. 0-0 Be4 16. Nd2 Bf5 17. f4 axb4 18. axb4 bxc5 19. bxc5 f6 20. g4 Bg6 21. Nf3 fxe5 22. fxe5 Be4 23. Ng5 Rxf1+ 24. Qxf1 Nf8 25. Qf7+ Kh8 26. Rxa8 1-0

[Event "Wch U12 Girls"]
[Site "Batumi"]
[Date "2022.09.27"]
[Round "11"]
[White "Skamaroshchanka, Daryia"]
[Black "Shubitidze, Barbare"]
[Result "1-0"]
[WhiteElo "1026"]
[BlackElo "1234"]
[PlyCount "137"]
[EventDate "2022.09.16"]
[EventType "swiss"]
[EventRounds "11"]
[EventCountry "GEO"]
[SourceTitle "EXT 2023"]
[Source "ChessBase"]
[SourceDate "2022.10.05"]
[SourceVersion "1"]
[SourceVersionDate "2022.10.05"]
[SourceQuality "1"]

1. e4 e6 2. d4 d5 3. e5 c5 4. c3 Nc6 5. Be3 cxd4 6. cxd4 Qb6 7. Qd2 Bd7 8. Nf3 Nge7 9. Bd3 Ng6 10. 0-0 Nb4 11. Bxg6 hxg6 12. a3 Nc6 13. Nc3 Na5 14. Qd3 Nb3 15. Rab1 Be7 16. Nd2 Nxd2 17. Qxd2 0-0-0 18. b4 Rh5 19. Rfc1 Kb8 20. Ne2 Rdh8 21. h3 Qd8 22. Ng3 R5h7 23. f4 Bh4 24. Bf2 g5 25. fxg5 Bxg5 26. Be3 Be7 27. Rc3 g5 28. Rbc1 g4 29. hxg4 Bh4 30. Bf4 Qg8 31. g5 Bxg3 32. Bxg3 Rh5 33. Bf4 Qg6 34. Qd3 Qg8 35. Qe3 Bb5 36. Kf2 Bd7 37. R3c2 Rh4 38. Bg3 Re4 39. Qc3 Ka8 40. Qc7 Qe8 41. Qc5 b6 42. Qc3 Rh5 43. Qd2 Qd8 44. Bf4 Rh4 45. Be3 Rh2 46. Bf4 Rh4 47. Be3 Rh2 48. Qe2 Qh8 49. Qf3 Qe8 50. a4 Reh4 51. b5 Rh1 52. Rxh1 Rxh1 53. Rc1 Rh7 54. Qe2 Kb7 55. Qc2 Rh8 56. Qc7+ Ka8 57. Qd6 Rh2 58. Bf4 Rh7 59. Rc7 Bc8 60. Qc6+ Qxc6 61. bxc6 Kb8 62. g6 Rh8 63. Rxf7 Rg8 64. g7 a6 65. Bh6 b5 66. axb5 axb5 67. Rf8 b4 68. Rxg8 b3 69. Rxc8+ 1-0

[Event "Wch U12 Girls"]
[Site "Batumi"]
[Date "2022.09.18"]
[Round "3"]
[White "Chiosa, Elena"]
[Black "Shubitidze, Barbare"]
[Result "1/2-1/2"]
[WhiteElo "1027"]
[BlackElo "1234"]
[PlyCount "43"]
[EventDate "2022.09.16"]
[EventType "swiss"]
[EventRounds "11"]
[EventCountry "GEO"]
[SourceTitle "EXT 2023"]
[Source "ChessBase"]
[SourceDate "2022.10.05"]
[SourceVersion "1"]
[SourceVersionDate "2022.10.05"]
[SourceQuality "1"]

1. e4 e6 2. d4 d5 3. e5 c5 4. c3 Nc6 5. Nf3 Qb6 6. Qc2 cxd4 7. cxd4 Bb4+ 8. Bd2 Bxd2+ 9. Nbxd2 Bd7 10. Nb3 Qb4+ 11. Qd2 Qxd2+ 12. Nfxd2 b6 13. Bd3 Nge7 14. 0-0 0-0 15. f4 Nb4 16. Be2 a6 17. a3 Nbc6 18. Nf3 Rfc8 19. Rac1 Kf8 20. Bd3 h6 21. g4 g6 22. h4 1/2-1/2

[Event "Wch U12 Girls"]
[Site "Batumi"]
[Date "2022.09.17"]
[Round "2"]
[White "Shubitidze, Barbare"]
[Black "Garcia Rodriguez, Laia"]
[Result "0-1"]
[WhiteElo "1234"]
[BlackElo "1742"]
[PlyCount "40"]
[EventDate "2022.09.16"]
[EventType "swiss"]
[EventRounds "11"]
[EventCountry "GEO"]
[SourceTitle "EXT 2023"]
[Source "ChessBase"]
[SourceDate "2022.10.05"]
[SourceVersion "1"]
[SourceVersionDate "2022.10.05"]
[SourceQuality "1"]

1. d4 d5 2. e3 Nc6 3. Bd3 e5 4. c3 e4 5. Bc2 Nf6 6. Ne2 Bd6 7. h3 a5 8. a4 b6 9. b3 Ba6 10. Na3 0-0 11. 0-0 Ne7 12. Bb2 Qd7 13. Re1 Ng6 14. c4 c6 15. Nc3 Bb4 16. Qb1 Nh4 17. Bd1 Bc8 18. Nc2 Nxg2 19. Kxg2 Qxh3+ 20. Kg1 Ng4 0-1